[Event "51smm A Brixen/Milland-Groeden"]
[Site "?"]
[Date "2019.11.09"]
[Round "1.1"]
[White "Moroder, Stephan"]
[Black "Sader, Michael"]
[Result "1/2-1/2"]
[WhiteElo "2143"]
[BlackElo "2128"]
[PlyCount "42"]
[EventDate "2019.11.09"]

1. e4 c5 2. d4 cxd4 3. c3 d3 4. Bxd3 d6 5. c4 Nf6 6. Nf3 Nbd7 7. Nc3 e6 8. O-O
Be7 9. a4 O-O 10. a5 a6 11. h3 Qc7 12. Be3 Ne5 13. Bb6 Qb8 14. Be2 Nxf3+ 15.
Bxf3 Nd7 16. Be3 Qc7 17. Qb3 Rb8 18. Ba7 Ra8 19. Bd4 Rb8 20. Ba7 Ra8 21. Bd4
Rb8 1/2-1/2

[Event "51smm A Brixen/Milland-Groeden"]
[Site "?"]
[Date "2019.11.09"]
[Round "1.2"]
[White "Brenninger, Daniel"]
[Black "Demetz, Rainer"]
[Result "0-1"]
[WhiteElo "2061"]
[BlackElo "2170"]
[PlyCount "132"]
[EventDate "2019.11.09"]

1. e4 c5 2. Nf3 Nc6 3. d4 cxd4 4. Nxd4 Nf6 5. Nc3 d6 6. Be2 e6 7. O-O Be7 8.
Be3 O-O 9. Qd2 a6 10. f4 Qc7 11. Bf3 Bd7 12. Rac1 Rac8 13. Nce2 b5 14. b3 Qb8
15. g4 e5 16. Nxc6 Bxc6 17. Ng3 Qb7 18. Qg2 exf4 19. Bxf4 d5 20. e5 Ne4 21. Nf5
Bc5+ 22. Kh1 b4 23. Rcd1 Rfd8 24. Rd3 Bb5 25. Bxe4 dxe4 26. Rxd8+ Rxd8 27. Re1
Bc6 28. Be3 Bf8 29. Qg3 Qd7 30. Qf4 g6 31. Rg1 Qe6 32. h3 Bb7 33. Qg5 Re8 34.
Bd4 e3+ 35. Kh2 e2 36. Qe3 Kh8 37. Ng3 Bg7 38. Nxe2 Bxe5+ 39. Qxe5+ Qxe5+ 40.
Bxe5+ Rxe5 41. Nd4 Kg7 42. Rd1 Ra5 43. Kg3 Rxa2 44. g5 Ra5 45. Kf4 Rd5 46. h4
h6 47. Rd2 h5 48. Rd3 Kf8 49. Ne2 Rf5+ 50. Ke3 Re5+ 51. Kd2 Be4 52. Rd6 Bxc2
53. Nd4 Bb1 54. Rxa6 Re4 55. Nf3 Rg4 56. Rf6 Re4 57. Rb6 Ba2 58. Kd3 Rg4 59.
Nd2 Rxh4 60. Ra6 Rh3+ 61. Kc2 Bxb3+ 62. Nxb3 Rg3 63. Ra5 h4 64. Nc5 h3 65. Ne4
Rg2+ 66. Kb3 h2 0-1

[Event "51smm A Brixen/Milland-Groeden"]
[Site "?"]
[Date "2019.11.09"]
[Round "1.3"]
[White "Bernardi, Ruben"]
[Black "Kofler, Thomas"]
[Result "0-1"]
[WhiteElo "2101"]
[BlackElo "1972"]
[PlyCount "110"]
[EventDate "2019.11.09"]

1. b3 Nf6 2. Bb2 d5 3. e3 c5 4. c4 d4 5. exd4 cxd4 6. Nf3 Nc6 7. d3 e5 8. Nbd2
Bg4 9. Be2 Bb4 10. O-O O-O 11. a3 Ba5 12. b4 Bc7 13. b5 Bxf3 14. Bxf3 Na5 15.
g3 Rb8 16. Re1 b6 17. a4 Nb7 18. Nb3 Bd6 19. Bc1 Re8 20. Bd2 Nd7 21. Bc6 Re7
22. a5 Ndc5 23. Nxc5 Nxc5 24. axb6 axb6 25. Bb4 Nb7 26. Bxd6 Qxd6 27. Qa4 Nc5
28. Qc2 g6 29. f3 h5 30. Kg2 Qf6 31. Ra3 h4 32. Qf2 Kg7 33. Rea1 Rh8 34. g4 h3+
35. Kg1 Qf4 36. Rd1 g5 37. Ra2 Qf6 38. Bd5 Rd8 39. Be4 Ne6 40. Rda1 Nf4 41. Ra6
Qd6 42. R1a4 Rb8 43. Qd2 Rc7 44. Qb4 Qf6 45. Bf5 Nxd3 46. Bxd3 Qxf3 47. Qd2
Qxg4+ 48. Kh1 e4 49. Bf1 Qf3+ 50. Kg1 Qg4+ 51. Kh1 e3 52. Qe2 Qe4+ 53. Kg1 Rc5
54. Ra8 Rxa8 55. Rxa8 Qxa8 0-1

[Event "51smm A Brixen/Milland-Groeden"]
[Site "?"]
[Date "2019.11.09"]
[Round "1.4"]
[White "Wisthaler, Lukas"]
[Black "Moroder, Thomas"]
[Result "0-1"]
[WhiteElo "1861"]
[BlackElo "1984"]
[PlyCount "50"]
[EventDate "2019.11.09"]

1. e4 c5 2. Nf3 d6 3. c4 Nc6 4. Nc3 g6 5. d4 Bg4 6. dxc5 Bxf3 7. gxf3 dxc5 8.
Be3 Qa5 9. Qa4 Qxa4 10. Nxa4 O-O-O 11. Bxc5 b6 12. Be3 Bg7 13. c5 Nb4 14. Rd1
Nc2+ 15. Ke2 Nd4+ 16. Bxd4 Bxd4 17. Bh3+ Kb7 18. cxb6 axb6 19. Rd3 e5 20. b3
Nf6 21. Nc3 Nh5 22. Nd5 Rxd5 23. exd5 Nf4+ 24. Kd2 Nxh3 25. Rf1 Nf4 0-1

[Event "51smm A Brixen/Milland-Groeden"]
[Site "?"]
[Date "2019.11.09"]
[Round "1.5"]
[White "Grossi, Christian"]
[Black "Hellweg, Stephan"]
[Result "1-0"]
[WhiteElo "1858"]
[BlackElo "1770"]
[PlyCount "87"]
[EventDate "2019.11.09"]

1. d4 Nf6 2. c4 e6 3. Nf3 c5 4. Nc3 cxd4 5. Nxd4 d6 6. g3 Nc6 7. Bg2 Bd7 8.
Ndb5 Bc8 9. Bf4 Ne5 10. Bxe5 dxe5 11. Qxd8+ Kxd8 12. O-O-O+ Nd7 13. Ne4 a6 14.
Nbd6 Bxd6 15. Nxd6 Ke7 16. Nxb7 Rb8 17. Na5 Rb6 18. b4 Nb8 19. a3 Bd7 20. c5
Rc8 21. Nc4 Rb5 22. Nd6 Rc7 23. Nxb5 axb5 24. Rd6 Nc6 25. e3 f5 26. Rhd1 e4 27.
Bf1 Na7 28. Kb2 Bc6 29. Kb3 Bd5+ 30. R6xd5 exd5 31. Rxd5 g6 32. a4 bxa4+ 33.
Kxa4 Nc6 34. b5 Ra7+ 35. Kb3 Rb7 36. b6 Nb8 37. Ka4 Ke6 38. Bc4 Nd7 39. Kb5 Rb8
40. h4 Ke7 41. Ka6 Kd8 42. Bb5 Ra8+ 43. Kb7 Rb8+ 44. Ka7 1-0

[Event "51smm A Brixen/Milland-Groeden"]
[Site "?"]
[Date "2019.11.09"]
[Round "1.6"]
[White "Ellemund, Gabriel"]
[Black "Casadio, Niccolo"]
[Result "1-0"]
[WhiteElo "1644"]
[BlackElo "1879"]
[PlyCount "129"]
[EventDate "2019.11.09"]

1. d4 e6 2. Bf4 Nf6 3. e3 d5 4. Bd3 Bd6 5. Bg3 O-O 6. Nf3 b6 7. c3 c5 8. Nbd2
Ba6 9. Qe2 Bxd3 10. Qxd3 Nc6 11. Ne5 Qc7 12. f4 Rab8 13. O-O b5 14. Bh4 Nd7 15.
Ndf3 f6 16. Nxd7 Qxd7 17. dxc5 Bxc5 18. Nd4 b4 19. f5 e5 20. Ne6 Bb6 21. Nxf8
Rxf8 22. Rad1 Rd8 23. Bf2 e4 24. Qb5 bxc3 25. bxc3 Ne5 26. Qxd7 Rxd7 27. Rc1
Nd3 28. Rc2 Rc7 29. Rd1 g6 30. fxg6 hxg6 31. Kf1 f5 32. Ke2 Nxf2 33. Kxf2 Rc5
34. Ke2 Kf7 35. Rd4 Ra5 36. Rb4 Ra3 37. Rb3 Ra5 38. c4 dxc4 39. Rbc3 Kf6 40.
Rxc4 Kg5 41. a4 Kg4 42. Rd2 g5 43. Rd6 Re5 44. Rh6 Rd5 45. Rhc6 f4 46. exf4
Kxf4 47. Re6 Rd4 48. Rxd4 Bxd4 49. Rd6 Bg1 50. Rf6+ Ke5 51. Rf7 Bb6 52. Rb7 Kf4
53. Rg7 Kf5 54. Rh7 Kg4 55. Rh6 Bc5 56. Rc6 Bg1 57. Rc4 Kf5 58. h3 Kf4 59. a5
Bh2 60. Rb4 Bg1 61. Rb3 Bd4 62. g3+ Kf5 63. Rb5+ Kf6 64. Rd5 Be5 65. Rd7 1-0

[Event "51smm A Deutschnofen-Kaltern/Tramin"]
[Site "?"]
[Date "2019.11.09"]
[Round "1.1"]
[White "Bertagnolli, Alexander"]
[Black "Dappiano, Andrea"]
[Result "1-0"]
[WhiteElo "2346"]
[BlackElo "2272"]
[PlyCount "98"]
[EventDate "2019.11.09"]

1. e4 e6 2. b3 b6 3. Bb2 Bb7 4. Nc3 c5 5. g3 Nf6 6. Bg2 Be7 7. Nh3 d5 8. exd5
Nxd5 9. O-O Nxc3 10. Bxc3 Bxg2 11. Kxg2 Qd5+ 12. Kg1 O-O 13. Qg4 e5 14. Rae1
Nc6 15. Nf4 Qd6 16. Nd3 Bf6 17. Qe4 Rad8 18. a4 Nd4 19. Bxd4 Qxd4 20. Re2 g6
21. Rfe1 Qxe4 22. Rxe4 Bg7 23. R4e2 Rd4 24. f4 exf4 25. Nxf4 Rd7 26. c4 g5 27.
Nd5 Bd4+ 28. Kg2 f5 29. Re7 Rxe7 30. Nxe7+ Kg7 31. Nc6 Kf6 32. Nxa7 Be5 33. Nc6
Bd6 34. d4 cxd4 35. Nxd4 Bc5 36. Nb5 Rd8 37. Nc3 Bb4 38. Rd1 Rxd1 39. Nxd1 Ke5
40. Ne3 Bc5 41. Nd5 Ke4 42. b4 Bd4 43. a5 bxa5 44. bxa5 Kd3 45. Ne7 Kxc4 46.
Nc6 Be3 47. a6 Kd3 48. a7 Bxa7 49. Nxa7 Ke3 1-0

[Event "51smm A Deutschnofen-Kaltern/Tramin"]
[Site "?"]
[Date "2019.11.09"]
[Round "1.2"]
[White "Zamengo, Fulvio"]
[Black "Zucchelli, Massimo"]
[Result "1-0"]
[WhiteElo "2303"]
[BlackElo "2150"]
[PlyCount "43"]
[EventDate "2019.11.09"]

1. e4 e6 2. d4 d5 3. Nc3 Bb4 4. e5 c5 5. a3 Bxc3+ 6. bxc3 Qa5 7. Bd2 Qa4 8. Qg4
Kf8 9. Qd1 b6 10. dxc5 bxc5 11. c4 Ba6 12. cxd5 Qe4+ 13. Be3 exd5 14. Bxa6 Nxa6
15. Nf3 d4 16. O-O Ne7 17. c3 Nd5 18. cxd4 Nxe3 19. fxe3 Qxe3+ 20. Kh1 cxd4 21.
Nxd4 Qxe5 22. Qf3 1-0

[Event "51smm A Deutschnofen-Kaltern/Tramin"]
[Site "?"]
[Date "2019.11.09"]
[Round "1.3"]
[White "Kranewitter, Norbert"]
[Black "Micheli, Carlo"]
[Result "0-1"]
[WhiteElo "2054"]
[BlackElo "2236"]
[PlyCount "64"]
[EventDate "2019.11.09"]

1. e4 c5 2. Nc3 d6 3. Bb5+ Bd7 4. Bc4 Nc6 5. f4 g6 6. d3 Bg7 7. Nf3 e6 8. O-O
Nge7 9. Kh1 a6 10. Qe1 O-O 11. a3 b5 12. Ba2 b4 13. axb4 Nxb4 14. Bb3 Nec6 15.
Qg3 f5 16. Ng5 Nd4 17. Bd2 Nbxc2 18. Bxc2 Nxc2 19. Rac1 Nd4 20. Be3 Rb8 21. Rf2
Rb3 22. e5 Qb6 23. Qh4 h6 24. Nf3 Nxf3 25. gxf3 Rxb2 26. Rxb2 Qxb2 27. Qe7 Qb7
28. Kg2 Re8 29. Qxd6 Bf8 30. Rb1 Qxb1 31. Qxd7 Qb2+ 32. Kg3 Re7 0-1

[Event "51smm A Deutschnofen-Kaltern/Tramin"]
[Site "?"]
[Date "2019.11.09"]
[Round "1.4"]
[White "Gallana, Marco"]
[Black "Comai, Samuele"]
[Result "1-0"]
[WhiteElo "2192"]
[BlackElo "1897"]
[PlyCount "61"]
[EventDate "2019.11.09"]

1. d4 Nf6 2. Nf3 e6 3. c4 Bb4+ 4. Bd2 Bxd2+ 5. Nbxd2 b6 6. e4 Bb7 7. Bd3 d6 8.
O-O c5 9. Qe2 cxd4 10. Nxd4 Nc6 11. N2f3 Ne5 12. Bc2 Nxf3+ 13. Qxf3 O-O 14.
Rad1 a6 15. Rfe1 Qc7 16. b3 b5 17. cxb5 axb5 18. Bb1 Qb6 19. Qd3 b4 20. Nc2
Rfb8 21. Qd4 Bc6 22. Qxb6 Rxb6 23. Rxd6 Raa6 24. Rxc6 Rxc6 25. Nxb4 Rab6 26.
Nxc6 Rxc6 27. Bd3 Kf8 28. f3 Ke7 29. Kf2 Nd7 30. Ke3 Rc3 31. Kd2 1-0

[Event "51smm A Deutschnofen-Kaltern/Tramin"]
[Site "?"]
[Date "2019.11.09"]
[Round "1.5"]
[White "Thaler, Elmar"]
[Black "Tonina, Filippo"]
[Result "1-0"]
[WhiteElo "1679"]
[BlackElo "1965"]
[PlyCount "80"]
[EventDate "2019.11.09"]

1. d4 d6 2. e4 Nf6 3. Bd3 e5 4. d5 Be7 5. h3 Nbd7 6. Be3 O-O 7. Nf3 c6 8. c4
Nb6 9. O-O Ne8 10. Nc3 f5 11. dxc6 bxc6 12. c5 f4 13. cxb6 fxe3 14. Qb3+ Kh8
15. b7 Rb8 16. bxc8=Q Qxc8 17. Qc2 exf2+ 18. Rxf2 d5 19. Kh1 Bc5 20. Rff1 Nf6
21. exd5 cxd5 22. Nxe5 Bd6 23. Nf3 Nh5 24. Ne2 Qxc2 25. Bxc2 Rxb2 26. Nfd4 Re8
27. g4 Rxe2 28. Nxe2 Rxc2 29. Rac1 Rxc1 30. Rxc1 Nf6 31. Rc8+ Ng8 32. Rd8 Bc7
33. Rxd5 h6 34. Kg2 Nf6 35. Rd3 Kh7 36. Kf3 Kg6 37. Nf4+ Kf7 38. Nd5 Nxd5 39.
Rxd5 Ke6 40. Ke4 Bb6 1-0

[Event "51smm A Deutschnofen-Kaltern/Tramin"]
[Site "?"]
[Date "2019.11.09"]
[Round "1.6"]
[White "Thurner, Markus"]
[Black "Dallaglio, Giovanni"]
[Result "1-0"]
[WhiteElo "1892"]
[BlackElo "1917"]
[PlyCount "89"]
[EventDate "2019.11.09"]

1. f4 c5 2. Nf3 d5 3. e3 Nc6 4. Bb5 Bd7 5. O-O Nf6 6. d3 g6 7. Bxc6 Bxc6 8. Ne5
Qc7 9. Nd2 Bg7 10. Ndf3 O-O 11. Nxc6 Qxc6 12. Ne5 Qc7 13. Qf3 e6 14. Bd2 b5 15.
a4 b4 16. Rac1 Nd7 17. d4 a5 18. c4 f6 19. Nxd7 Qxd7 20. cxd5 cxd4 21. dxe6
Qxe6 22. exd4 f5 23. d5 Bd4+ 24. Kh1 Qd7 25. b3 Rfd8 26. Be1 Qxd5 27. Bh4 Qxf3
28. Rxf3 Rdc8 29. Rd1 Rc3 30. Rfd3 Rxd3 31. Rxd3 Rc8 32. g3 Bb6 33. Rd6 Rc1+
34. Kg2 Rc2+ 35. Kf1 Bc5 36. Rc6 Kf7 37. Bd8 Rc3 38. Bxa5 Rc1+ 39. Ke2 Rc3 40.
Kd1 Rd3+ 41. Kc2 Rd5 42. Bb6 Bd6 43. a5 Ke6 44. a6 Kd7 45. a7 1-0

[Event "51smm A Ehrenburg-Arci Scacchi"]
[Site "?"]
[Date "2019.11.09"]
[Round "1.1"]
[White "Perino, Alberto"]
[Black "Hengl, Christian"]
[Result "0-1"]
[WhiteElo "1858"]
[BlackElo "2156"]
[PlyCount "60"]
[EventDate "2019.11.09"]

1. e4 e6 2. d4 d5 3. exd5 exd5 4. Nc3 c6 5. Bd3 Bd6 6. Nge2 Qc7 7. Bg5 Ne7 8.
Qd2 O-O 9. O-O-O Re8 10. Rde1 Nd7 11. Kb1 Nf8 12. h4 Ne6 13. f4 f6 14. f5 Nf8
15. g4 h5 16. Bxf6 gxf6 17. g5 Kh8 18. gxf6 Ng8 19. Rhg1 Nxf6 20. Ref1 N8h7 21.
Nf4 Bxf4 22. Rxf4 Bd7 23. Rff1 Rg8 24. Rg6 Raf8 25. Ne2 Qh2 26. Qa5 Ne4 27.
Bxe4 Rxg6 28. fxg6 Rxf1+ 29. Nc1 Rxc1+ 30. Kxc1 Qf4+ 0-1

[Event "51smm A Ehrenburg-Arci Scacchi"]
[Site "?"]
[Date "2019.11.09"]
[Round "1.2"]
[White "Jedinger, Andreas"]
[Black "D'Ambrosio, Luca"]
[Result "1-0"]
[WhiteElo "2099"]
[BlackElo "1761"]
[PlyCount "61"]
[EventDate "2019.11.09"]

1. e4 Nf6 2. e5 Nd5 3. d4 d6 4. c4 Nb6 5. exd6 exd6 6. Nc3 Be7 7. Be3 Nc6 8.
Qf3 Nb4 9. O-O-O Nd7 10. a3 Nc6 11. Qg3 g6 12. h4 h5 13. Nf3 Nf6 14. d5 Na5 15.
b4 c5 16. bxa5 Qxa5 17. Kb2 b5 18. cxb5 a6 19. Nd2 axb5 20. Bxb5+ Kf8 21. Nc4
Qxc3+ 22. Kxc3 Ne4+ 23. Kb3 Nxg3 24. fxg3 Ba6 25. a4 Rb8 26. Rb1 Bxb5 27. axb5
Rxb5+ 28. Kc2 Rxb1 29. Rxb1 Kg7 30. Bf4 Rd8 31. Re1 1-0

[Event "51smm A Ehrenburg-Arci Scacchi"]
[Site "?"]
[Date "2019.11.09"]
[Round "1.3"]
[White "Rinaldo, Gaetano"]
[Black "Steger, Gerhard"]
[Result "0-1"]
[WhiteElo "1714"]
[BlackElo "1909"]
[PlyCount "40"]
[EventDate "2019.11.09"]

1. g3 f5 2. Nf3 Nf6 3. Bg2 d6 4. d4 g6 5. c4 Bg7 6. Nc3 O-O 7. Qb3 c6 8. O-O
Qe8 9. Bf4 Kh8 10. Rad1 Nh5 11. Rfe1 e5 12. dxe5 dxe5 13. Bg5 Nd7 14. e4 f4 15.
g4 Nc5 16. Qc2 Bxg4 17. b4 Ne6 18. h3 Bxf3 19. Bxf3 Nxg5 20. Bxh5 gxh5 0-1

[Event "51smm A Ehrenburg-Arci Scacchi"]
[Site "?"]
[Date "2019.11.09"]
[Round "1.4"]
[White "Babinetz, Rainer"]
[Black "Borgese, Alessio"]
[Result "1-0"]
[WhiteElo "1940"]
[BlackElo "1537"]
[PlyCount "77"]
[EventDate "2019.11.09"]

1. e4 c5 2. d4 cxd4 3. c3 g6 4. Nf3 Bg7 5. Bc4 Nf6 6. Qe2 dxc3 7. Nxc3 d6 8. h3
Nc6 9. O-O O-O 10. Rd1 Qc7 11. Nb5 Qb8 12. Bf4 a6 13. Nc3 b5 14. Bb3 Na5 15.
Bc2 Nh5 16. Bh2 Nc4 17. Bb3 Na5 18. Bd5 Bb7 19. e5 Bxd5 20. Nxd5 dxe5 21. Nxe7+
Kh8 22. Nxe5 Qe8 23. Nd5 Bxe5 24. Qxe5+ Qxe5 25. Bxe5+ f6 26. Bc3 Nc6 27. g4
Ng7 28. Bxf6 Rf7 29. Rac1 Rc8 30. Ne7 Rxf6 31. Nxc8 h6 32. Rd6 Rxd6 33. Nxd6
Ne5 34. Rc8+ Kh7 35. f4 Nd3 36. f5 gxf5 37. gxf5 Nh5 38. b3 Nc1 39. Rxc1 1-0

[Event "51smm A Ehrenburg-Arci Scacchi"]
[Site "?"]
[Date "2019.11.09"]
[Round "1.5"]
[White "Feichter, Matthias"]
[Black "Gruber, Alexander"]
[Result "0-1"]
[WhiteElo "1498"]
[BlackElo "1828"]
[PlyCount "80"]
[EventDate "2019.11.09"]

1. e4 e6 2. d4 d5 3. Nc3 dxe4 4. Nxe4 Be7 5. Nf3 Nf6 6. Bd3 Nbd7 7. O-O b6 8.
Re1 Bb7 9. c4 O-O 10. Bf4 c5 11. dxc5 Nxc5 12. Nxc5 Bxc5 13. Bg5 h6 14. Bh4 Qe7
15. a3 a5 16. Qe2 Rfd8 17. Rad1 Rd7 18. Rd2 Rad8 19. Red1 Bxf3 20. Qxf3 g5 21.
Bg3 Kg7 22. Qe2 Bd4 23. Be5 Bxe5 24. Qxe5 Qc5 25. Qc3 Qd4 26. Qb3 Qc5 27. Qc3
e5 28. Bf5 Rxd2 29. Rxd2 Rxd2 30. Qxd2 Qxc4 31. h3 Nd5 32. g3 Qd4 33. Qe2 Ne7
34. Bb1 Ng6 35. Ba2 e4 36. h4 gxh4 37. gxh4 Nxh4 38. Qg4+ Ng6 39. Kg2 Qxb2 40.
Bd5 e3 0-1

[Event "51smm A Ehrenburg-Arci Scacchi"]
[Site "?"]
[Date "2019.11.09"]
[Round "1.6"]
[White "Mairhofer, Lino"]
[Black "Scarabello, Graziano"]
[Result "1/2-1/2"]
[WhiteElo "1723"]
[BlackElo "1424"]
[PlyCount "84"]
[EventDate "2019.11.09"]

1. e4 c5 2. d4 cxd4 3. c3 dxc3 4. Nxc3 g6 5. Nf3 Bg7 6. Bc4 e6 7. O-O a6 8. Qe2
b5 9. Bb3 Nc6 10. Rd1 Qc7 11. Be3 Nf6 12. Rac1 Bb7 13. Nd5 exd5 14. exd5 O-O
15. dxc6 Bxc6 16. Nd4 Rfe8 17. Nxc6 dxc6 18. Qf3 Re4 19. Bg5 Qe5 20. Be3 Nd5
21. Rc5 Re8 22. Rcxd5 cxd5 23. Bxd5 Rxe3 24. Bxf7+ Kh8 25. fxe3 Rf8 26. Rf1
Qxb2 27. Qe4 Be5 28. g3 Kg7 29. Rf2 Qc3 30. Qf3 Qc7 31. Qd5 Bf6 32. Be6 Rd8 33.
Qf3 Qe5 34. Bb3 Qa1+ 35. Kg2 Qe5 36. e4 h5 37. Bd5 h4 38. Qf4 hxg3 39. hxg3 Rf8
40. Rc2 Qxf4 41. gxf4 g5 42. e5 Bd8 1/2-1/2

[Event "51smm A Naturns2-Naturns"]
[Site "?"]
[Date "2019.11.09"]
[Round "1.1"]
[White "Unterthurner, Hans"]
[Black "Illmer, Markus"]
[Result "1-0"]
[WhiteElo "1923"]
[BlackElo "1557"]
[PlyCount "84"]
[EventDate "2019.11.09"]

1. d4 g6 2. Nf3 d5 3. Bf4 Bg7 4. e3 Nf6 5. Nbd2 O-O 6. Bd3 Nbd7 7. c3 c5 8. h3
b6 9. O-O Bb7 10. Ne5 cxd4 11. Nxd7 Qxd7 12. exd4 e6 13. Nf3 Qc8 14. Qe2 a5 15.
Bb5 Nd7 16. Ne5 Nxe5 17. Bxe5 Bxe5 18. Qxe5 Bc6 19. Bd3 Qd7 20. Rfe1 Rae8 21.
Re2 Bb5 22. Bxb5 Qxb5 23. Rae1 Qd7 24. Qg3 Qd8 25. h4 Qb8 26. Re5 f6 27. Rxe6
Qxg3 28. fxg3 Kf7 29. Rxe8 Rxe8 30. Rxe8 Kxe8 31. a4 Kd7 32. Kf2 Ke6 33. Ke3 h6
34. b3 Kd6 35. Kf4 h5 36. g4 hxg4 37. Kxg4 Ke6 38. Kf4 Kf7 39. g4 Ke6 40. c4
dxc4 41. bxc4 Kf7 42. h5 Kg7 1-0

[Event "51smm A Naturns2-Naturns"]
[Site "?"]
[Date "2019.11.09"]
[Round "1.2"]
[White "Gurschler, Markus"]
[Black "Naegele, Norbert"]
[Result "0-1"]
[WhiteElo "1591"]
[BlackElo "1817"]
[PlyCount "104"]
[EventDate "2019.11.09"]

1. e4 g6 2. g3 Bg7 3. Bg2 c5 4. Nf3 Nc6 5. d3 d6 6. O-O Nf6 7. Re1 O-O 8. Nbd2
Bg4 9. c3 Nd7 10. h3 Be6 11. Ng5 Nde5 12. Nxe6 fxe6 13. f4 Nxd3 14. Re3 Nxc1
15. Rxc1 Qc8 16. Nf3 e5 17. fxe5 Bh6 18. Qe2 Nxe5 19. Nxe5 Bxe3+ 20. Qxe3 dxe5
21. Rd1 Qc7 22. Rd5 b6 23. Qg5 Rad8 24. Rxe5 Rf6 25. Rd5 Rxd5 26. Qxd5+ Kg7 27.
g4 e6 28. Qd2 e5 29. Qd5 Qd6 30. c4 Qe7 31. Qd2 Rd6 32. Qc3 Rd4 33. a3 Qf7 34.
b3 Qf4 35. Qe1 Rd3 36. b4 Rxa3 37. bxc5 bxc5 38. Qb1 Qe3+ 39. Kh1 Qb3 40. Qf1
Qc3 41. Kh2 Ra4 42. g5 Ra6 43. Qb1 Rb6 44. Qa2 a5 45. Qa4 Rb7 46. Qc6 Rf7 47.
Qxc5 a4 48. Qd5 a3 49. c5 Qb2 50. c6 a2 51. c7 Rxc7 52. Qe6 Rf7 0-1

[Event "51smm A Naturns2-Naturns"]
[Site "?"]
[Date "2019.11.09"]
[Round "1.3"]
[White "Gurschler, Gregor"]
[Black "Zoeschg, Herbert"]
[Result "1-0"]
[WhiteElo "1768"]
[BlackElo "1569"]
[PlyCount "109"]
[EventDate "2019.11.09"]

1. d4 d6 2. Bf4 Nf6 3. e3 g6 4. Be2 Bg7 5. h3 Nbd7 6. Nf3 c5 7. c3 b6 8. Nbd2
Bb7 9. Qc2 Qc7 10. O-O O-O 11. Rfe1 Rfe8 12. Nb3 Be4 13. Qd1 e5 14. Bh2 Rad8
15. a4 Qb7 16. Bf1 Bc6 17. Nfd2 d5 18. a5 c4 19. dxe5 Nxe5 20. Bxe5 Rxe5 21.
Nd4 b5 22. g3 Bd7 23. Bg2 Qc8 24. N2f3 Re7 25. Kh2 a6 26. Nc2 Ne4 27. Nb4 Be6
28. Qe2 Nc5 29. Nd4 Ree8 30. Qf1 Bxd4 31. exd4 Nb3 32. Rad1 Nxa5 33. Ra1 Nc6
34. Nxa6 Rd6 35. Nc5 Nb8 36. Ra5 Bd7 37. Re2 Bc6 38. Qe1 Rxe2 39. Qxe2 Qd8 40.
Ra7 Nd7 41. Rxd7 Rxd7 42. Nxd7 Qxd7 43. Qe5 Qe6 44. f4 h5 45. Bf3 Kf8 46. g4
hxg4 47. hxg4 Kg8 48. Kg3 Qd7 49. f5 gxf5 50. gxf5 f6 51. Qxf6 Qg7+ 52. Qg6
Qxg6+ 53. fxg6 Kg7 54. Kf4 Kxg6 55. Ke5 1-0

[Event "51smm A Naturns2-Naturns"]
[Site "?"]
[Date "2019.11.09"]
[Round "1.4"]
[White "Seppi, Alexander"]
[Black "Naegele, Raimund"]
[Result "0-1"]
[WhiteElo "1514"]
[BlackElo "1612"]
[PlyCount "70"]
[EventDate "2019.11.09"]

1. d4 g6 2. c4 Bg7 3. e4 d6 4. Nf3 Nc6 5. Be2 e5 6. Be3 Bd7 7. O-O exd4 8. Nxd4
Nge7 9. Qd2 O-O 10. Nc3 Re8 11. Rad1 Qc8 12. f3 Ne5 13. f4 Ng4 14. Bxg4 Bxg4
15. Nf3 Nc6 16. h3 Be6 17. Nd5 f5 18. exf5 Bxf5 19. Nd4 Bd7 20. Rf3 Ne7 21.
Rdf1 Nf5 22. Nxf5 Bxf5 23. Bd4 Qd7 24. Bxg7 Qxg7 25. b3 Re4 26. g4 Bd7 27. Nxc7
Rd4 28. Qb2 Rc8 29. Qa3 Rxc7 30. Qxa7 Bc6 31. Qb8+ Qf8 32. Qxc7 Bxf3 33. Rxf3
Qe8 34. Qxb7 d5 35. Kh2 Rd2+ 0-1

[Event "51smm A Naturns2-Naturns"]
[Site "?"]
[Date "2019.11.09"]
[Round "1.5"]
[White "Pichler, Christoph"]
[Black "Christanell, Anton"]
[Result "1-0"]
[WhiteElo "1787"]
[BlackElo "1488"]
[PlyCount "45"]
[EventDate "2019.11.09"]

1. e4 c6 2. d4 d5 3. e5 Bf5 4. Ne2 e6 5. Ng3 Bg6 6. h4 h5 7. Be2 Be7 8. Bxh5
Bxh5 9. Nxh5 g6 10. Nf4 Rxh4 11. Rxh4 Bxh4 12. Qg4 Nh6 13. Qh3 Nf5 14. c3 Nd7
15. Nd2 c5 16. g4 Ng7 17. Nf3 Be7 18. Qh7 Bf8 19. Nxg6 cxd4 20. cxd4 Nf6 21.
exf6 Bb4+ 22. Kf1 Qxf6 23. Nge5 1-0

[Event "51smm A Naturns2-Naturns"]
[Site "?"]
[Date "2019.11.09"]
[Round "1.6"]
[White "Christanell, Andre"]
[Black "Gurschler, Thomas"]
[Result "0-1"]
[WhiteElo "1491"]
[BlackElo "1869"]
[PlyCount "106"]
[EventDate "2019.11.09"]

1. e4 c5 2. Nf3 Nf6 3. Nc3 d5 4. exd5 Nxd5 5. Bb5+ Nc6 6. Ne5 Qd6 7. d4 Nxc3 8.
bxc3 cxd4 9. Qxd4 Bd7 10. Qxd6 exd6 11. Nxd7 Kxd7 12. Be3 Be7 13. Bd4 a6 14.
Bc4 Rac8 15. Bd3 Nxd4 16. cxd4 g6 17. Rb1 Rc7 18. d5 Bf6 19. a4 Bc3+ 20. Ke2
Re8+ 21. Kf3 Re5 22. Rb3 f5 23. Rd1 Kc8 24. Bf1 Re4 25. Rd3 Be5 26. Rd2 Rxa4
27. Bd3 Rf4+ 28. Ke2 Bc3 29. Rd1 Bd4 30. f3 Bc3 31. Ke3 Rh4 32. h3 Ra4 33. g3
Re7+ 34. Kf2 Bd4+ 35. Kg2 Re5 36. Rd2 Rxd5 37. c4 Re5 38. Bxf5+ gxf5 39. Rxd4
Kc7 40. f4 Rc5 41. Rbd3 Raxc4 42. Rxd6 Rc2+ 43. Kf3 R5c3 44. g4 Rxd3+ 45. Rxd3
Rc5 46. gxf5 Rxf5 47. Ke4 Rf8 48. Ke5 b5 49. Rd5 Re8+ 50. Kd4 Rd8 51. f5 Rxd5+
52. Kxd5 Kd7 53. f6 Ke8 0-1

[Event "51smm A Richter/Lask-Klausen"]
[Site "?"]
[Date "2019.11.09"]
[Round "1.1"]
[White "Schacher, Gerd"]
[Black "Moncher, Stefano"]
[Result "1-0"]
[WhiteElo "2278"]
[BlackElo "2181"]
[PlyCount "45"]
[EventDate "2019.11.09"]

1. c4 Nf6 2. Nc3 g6 3. e4 d6 4. d4 Bg7 5. f3 O-O 6. Be3 Nc6 7. Nge2 a6 8. Qd2
Rb8 9. Rc1 Bd7 10. Nd1 Re8 11. g3 e5 12. d5 Nd4 13. Nxd4 exd4 14. Bxd4 Nxe4 15.
fxe4 Rxe4+ 16. Be3 Qe7 17. Bd3 Re5 18. O-O Bh3 19. Bf4 Re8 20. Bxe5 dxe5 21.
Re1 f5 22. Nf2 Qc5 23. Kh1 1-0

[Event "51smm A Richter/Lask-Klausen"]
[Site "?"]
[Date "2019.11.09"]
[Round "1.2"]
[White "Voltolini, Giuseppe"]
[Black "Seebacher, Michael"]
[Result "0-1"]
[WhiteElo "2123"]
[BlackElo "1978"]
[PlyCount "58"]
[EventDate "2019.11.09"]

1. d4 c5 2. d5 Nf6 3. c4 d6 4. Nc3 e5 5. e4 Be7 6. f4 exf4 7. Bxf4 Bg4 8. Qc2
Nh5 9. Be3 Bg5 10. Bf2 O-O 11. h3 Bd7 12. g4 f5 13. exf5 Na6 14. a3 Qe7+ 15.
Kd1 Rae8 16. Bd3 Nf4 17. Nf3 Bf6 18. Bg3 Nxd3 19. Qxd3 Bxc3 20. bxc3 Qe3 21.
Qxe3 Rxe3 22. Rf1 Rfe8 23. Ra2 Ba4+ 24. Kc1 Rxc3+ 25. Kb1 Ree3 26. Raf2 Rb3+
27. Kc1 Rec3+ 28. Kd2 Rxa3 29. Bxd6 Rc2+ 0-1

[Event "51smm A Richter/Lask-Klausen"]
[Site "?"]
[Date "2019.11.09"]
[Round "1.3"]
[White "Seebacher, Reinhard"]
[Black "Bevilacqua, Maurizio"]
[Result "0-1"]
[WhiteElo "1909"]
[BlackElo "2048"]
[PlyCount "56"]
[EventDate "2019.11.09"]

1. d4 Nf6 2. Bg5 c5 3. Bxf6 gxf6 4. d5 d6 5. c4 f5 6. Nc3 Bg7 7. Qc2 Na6 8. a3
Nc7 9. Nh3 e5 10. dxe6 fxe6 11. e4 O-O 12. O-O-O b5 13. cxb5 Bb7 14. exf5 Rxf5
15. Bd3 Rh5 16. Ne4 Nd5 17. Ng3 Rh4 18. Be4 Qf6 19. Rhe1 c4 20. Bxd5 Bxd5 21.
f4 Rb8 22. Nf5 Rxb5 23. Nxg7 Kxg7 24. Re3 Rg4 25. Ng5 Rxg2 26. Qxh7+ Kf8 27.
Rd4 Rbxb2 28. Qh3 Rgc2+ 0-1

[Event "51smm A Richter/Lask-Klausen"]
[Site "?"]
[Date "2019.11.09"]
[Round "1.4"]
[White "Billio, Atto"]
[Black "Schrott, Johann"]
[Result "1-0"]
[WhiteElo "2033"]
[BlackElo "1812"]
[PlyCount "51"]
[EventDate "2019.11.09"]

1. Nf3 Nf6 2. c4 c5 3. g3 g6 4. b3 Bg7 5. Bb2 O-O 6. Bg2 d6 7. d4 cxd4 8. Nxd4
Nbd7 9. O-O a6 10. Nc3 Qc7 11. Rc1 Nc5 12. Qd2 Rb8 13. h3 Qb6 14. Rfd1 Bd7 15.
e4 Rfd8 16. Nd5 Nxd5 17. exd5 e5 18. dxe6 Nxe6 19. Ne2 Bc6 20. Bxg7 Nxg7 21.
Nc3 Nf5 22. Qf4 Bxg2 23. Kxg2 Rd7 24. Nd5 Qd8 25. g4 Nh4+ 26. Kg3 1-0